Đặc điểm ngôn ngữ địa danh huyện Nam Trà My, Quảng Nam

Cơ sở lí thuyết và khái quát địa danh huyện Nam Trà My. Đặc điểm cấu tạo địa danh huyện Nam Trà My. Đặc điểm ngữ nghĩa địa danh huyện Nam Trà My

Saved in:
Bibliographic Details
Main Author: Bùi Thị Hải
Other Authors: Lê Đức Luận TS. (Hướng dẫn)
Format: Book
Language:Vietnamese
Published: Đà Nẵng Đại học Đà Nẵng 2014
Subjects:
Tags: Add Tag
No Tags, Be the first to tag this record!
Institutions: Mạng thư viện Đại học Đà Nẵng
LEADER 01584nam a2200349 4500
001 000020112
003 16554
005 20150302160315.0
008 150122s2014 viesd
041 |a vie 
082 1 4 |a 808.06691  |b BU-H 
100 1 |a Bùi Thị Hải 
245 1 |a Đặc điểm ngôn ngữ địa danh huyện Nam Trà My, Quảng Nam  |c Bùi Thị Hải ; Lê Đức Luận hướng dẫn.  |k Luận văn Thạc sĩ 
260 |a Đà Nẵng  |b Đại học Đà Nẵng  |c 2014 
300 |a 100 tr., phụ lục 13 tr.  |c 29 cm.  |e Tóm tắt 
500 |a Luận văn thạc sĩ Khoa học. Chuyên ngành: Ngôn ngữ học. Mã số: 60.22.01 
520 |a Cơ sở lí thuyết và khái quát địa danh huyện Nam Trà My. Đặc điểm cấu tạo địa danh huyện Nam Trà My. Đặc điểm ngữ nghĩa địa danh huyện Nam Trà My 
650 0 4 |a Ngôn ngữ  |v Luận văn tốt nghiệp  |x Địa danh  |z Trà My - Quảng Nam 
653 |a Ngôn ngữ Địa danh 
653 |a Trà My 
653 |a Ngôn ngữ học 
700 1 |a Lê Đức Luận  |c TS.  |e Hướng dẫn 
OWN |a LSP 
AVA |a UDN50  |b LSP  |d 808.06691 BU-H  |e available  |t Error 5001 Not defined in file expand_doc_bib_avail.  |f 1  |g 0  |h N  |i 0  |k 1 
999 |a From the UDN01 
AVA |a UDN50  |b LSP  |d 808.06691 BU-H  |e available  |t Error 5001 Not defined in file expand_doc_bib_avail.  |f 1  |g 0  |h N  |i 0  |k 1 
TYP |a Monograph 
TYP |a Printed language 
980 |a Mạng thư viện Đại học Đà Nẵng